Ako americké prezidentské voľby formujú globálne finančné trhy

V dnešnom prepojenom prostredí sa politika, ekonomika a svetové trhy prelínajú oveľa výraznejšie než v minulosti. Americké prezidentské voľby sú výborným príkladom tejto dynamiky. Nejde len o to, kto povedie Spojené štáty, ale aj o ekonomické a finančné dôsledky, ktoré nový prezident a jeho tím prin...

ver descrição completa

Na minha lista:
Detalhes bibliográficos
Autor principal: Moravec, Peter, 1993-
Formato: Capítulo de Livro
Idioma:eslovaco
Assuntos:
Tags: Adicionar Tag
Sem tags, seja o primeiro a adicionar uma tag!

MARC

LEADER 00000naa a2200000 4500
001 0305982
005 20250623123341.3
041 0 |a slo 
044 |a SK 
245 1 0 |a Ako americké prezidentské voľby formujú globálne finančné trhy  |c Peter Moravec 
520 |a V dnešnom prepojenom prostredí sa politika, ekonomika a svetové trhy prelínajú oveľa výraznejšie než v minulosti. Americké prezidentské voľby sú výborným príkladom tejto dynamiky. Nejde len o to, kto povedie Spojené štáty, ale aj o ekonomické a finančné dôsledky, ktoré nový prezident a jeho tím prinesú. Výsledky volieb v USA dokážu ovplyvniť globálnu dôveru investorov, obchodné stratégie, menové kurzy a budúce trhové smerovanie. Vplyv tohto jedného politického aktu sa často odráža v kolísaní cien akcií, pohybe drahých kovov či vo vývoji kryptomien, a to nielen na amerických trhoch, ale aj v Európe. 
610 2 0 |a politika medzinárodná 
610 2 0 |a ekonomika 
610 2 0 |a trh svetový 
610 2 0 |a voľby 
610 2 0 |a prezidenti 
610 2 0 |a USA 
610 2 0 |a trh finančný 
610 2 0 |a investori 
610 2 0 |a dôvera 
100 1 |a Moravec, Peter, 1993-